Un mandato electoral: un gobierno para el cambio

שמור ב:
מידע ביבליוגרפי
פורמט: ספר
שפה:ספרדית
יצא לאור: Bogotá Presidencia de la República 1980
נושאים:
תגים: הוספת תג
אין תגיות, היה/י הראשונ/ה לתייג את הרשומה!

MARC

LEADER 00000nam a2200000 a 4500
001 UCX2383
003 CL-VaPUC
008 910508e19800000CK |||||||||||||||||spa|d
082 0 4 |a 351.86  |b MAN  |2 21 
245 1 3 |a Un mandato electoral: un gobierno para el cambio 
300 |a 188 p 
942 |c BK 
945 |d 19910508 00:00:00 
260 |a Bogotá  |b Presidencia de la República  |c 1980 
500 |a Discurso del Presidente Virgilio al tomar posesión de la Presidencia de la República el 7 de Agosto de 1986. Informes presidenciales al clausurar las Sesiones del Congreso Nacional; al instalar las sesiones del Congreso Nacional y al clausurar las sesiones del Congreso Nacional 
650 0 |a Administración pública   |9 255343 
650 7 |a MENSAJES PRESIDENCIALES  |2 CL-VaPUC  |9 256599 
651 0 |a Colombia  |9 256424 
583 |a last modification  |c 19910508 00:00:00  |k Rodrigo Vera 
999 |c 223418  |d 223416 
952 |0 0  |1 0  |4 0  |6 351_860000000000000_MAN_1980  |7 0  |8 A  |9 219189  |a BIBHIS  |b BIBHIS  |d 2019-11-15  |i 2879514  |o 351.86 MAN 1980  |p 2879514  |r 2025-01-20  |w 2019-11-15  |y BK  |k HIS 
952 |0 0  |1 0  |4 0  |6 351_860000000000000_MAN_1980  |7 0  |8 A  |9 219190  |a BIBHIS  |b BIBHIS  |d 2019-11-15  |i 2879522  |o 351.86 MAN 1980  |p 2879522  |r 2025-01-20  |w 2019-11-15  |y BK  |k HIS